000 01887nam2a22003971 4500
001 v19\rc\1905562
005 20251013102352.0
035 _a(NLR Aleph) 005267122
090 _a5960803
_c5960803
100 _a20080404d1911 |||y0rusy50 ca
101 0 _arus
102 _aRU
105 _ay z |||||
200 1 _aВ затруднительном положении
210 _d1911
215 _a133 с.
327 0 _aВ кн. также: Стихотворения Ф. Сологуба, А. Блока, С. Кречетова, Н. Гумилева
423 0 _11010#$arus
_12001#$aУтомленные
_1700#1$aЧулков$bГ. И.$f1879-1939$gГеоргий Иванович$3RU\NLR\AUTH\7781412
423 0 _11010#$arus
_12001#$aОднажды ночью
423 0 _11010#$arus
_12001#$aКукла
423 0 _11010#$arus
_12001#$aВ конторе
423 0 _11010#$arus
_12001#$aДуэль
423 0 _11010#$arus
_12001#$aУгар
423 0 _11010#$arus
_12001#$aПогоня
461 0 _1001v19\rc\1905561
_12001#$aОбщедоступный литературно-художественный альманах$eКн. 1$vКн. 1
464 1 _1000#0
_1701#1$3RU\NLR\AUTH\776350$7ca$aСологуб$bФ. К.$f1863-1927$gФедор Кузьмич
_1701#1$3RU\NLR\AUTH\77311$7ca$aБлок$bА. А.$f1880 - 1921$gАлександр Александрович
_1701#1$3RU\NLR\AUTH\773664$7ca$aГумилев$bН. С.$f1886-1921$gНиколай Степанович
700 1 _aЧириков
_bЕ. Н.
_f1864-1932
_gЕвгений Николаевич
_3RU\NLR\AUTH\774683
_7ca
801 0 _aRU
_bNLR
_c20080404
_gpsbo
801 0 _aRU
_bRuMoRGB
_c20080404
_2psbo
801 1 _aRU
_bProSoft-M
_c20080404
_2rusmarc
801 2 _aRU
_bNLR
_c20081003
_2rusmarc
852 _aNLR
_j38.80.7.179
852 _aNLR
_j130/8990
942 _cBOOK
980 _aNB